000 00856cam a2200265 a 4500
001 16216413
003 OSt
005 20160811154305.0
008 100504s2008 oncab b 001 0 eng
010 _a 2010293035
020 _a9780195425369 (hardcover)
040 _aDLC
_cDLC
_dDLC
043 _an-cn---
050 0 0 _aF1011.3
_b.B66 2008
100 1 _aBone, Robert M.
245 1 4 _aThe regional geography of Canada /
_cRobert M. Bone.
250 _a4th ed.
260 _aDon Mills, Ont. ;
_aNew York :
_bOxford University Press,
_c2008.
300 _axx, 532 p. :
_bill. (chiefly col.), col. maps ;
_c26 cm.
504 _aIncludes bibliographical references and index.
651 0 _aCanada
_xGeography.
906 _a7
_bcbc
_corignew
_d3
_encip
_f20
_gy-gencatlg
942 _2lcc
_cBOOKS
999 _c13628
_d13628